Co może nam przynieść listonosz? - Statystyki

Ogólne statystyki
  • Ten quiz został rozwiązany 23 razy
  • Średni wynik to 4 z 7
Statystyki odpowiedzi
Odpowiedź % Poprawnych
List
100%
Paczkę
100%
Awizo
68%
Rentę | Emeryturę
63%
Pieniądze
21%
Przesyłkę
21%
Pocztówkę
16%
Nie znaleziono quizów pasujących do podanych kryteriów
Rozkład punktacji
Procent ludzi z każdym wynikiem
Percentyl według liczby udzielonych odpowiedzi
Twoja historia wyników
Nie rozwiązałeś tego quizu